Cena Exit ... : ... ročník celostátní soutěže pro studenty vysokých uměleckých škol v České republice = ... nationwide competition for students of art academies in the Czech Republic

Korporativní autor: Univerzita J.E. Purkyně v Ústí nad Labem. Fakulta umění a designu
Další autoři: Cena Exit (soutěž)
Jazyk: Slovenština
Čeština
Angličtina
Vydáno: Ústí nad Labem : Fakulta umění a designu Univerzity Jana Evangelisty Purkyně, [2003]-
Edice: Řada Projekty = Project Series
Témata:
Fyzický popis: ^^^svazků : barevné ilustrace ; 11-28 cm
Odebírané svazky: 2007, 5(2011), 7(2015), 9(2019)-
Language note: Částečně slovenský text, souběžný anglický text
Noviny a časopisy
Uloženo v:
LEADER 04105nas a2200877 i 4500
001 nkc20122369385
003 CZ PrNK
005 20200423103101.0
007 ta
008 120522c20039999xr gr c 0 b0cze
015 |a cnb002369385  |z cnb001693470  |z cnb001796353 
035 |a (OCoLC)798995692 
040 |a ABA001  |b cze  |d OLA001  |d BOA001  |e rda 
041 1 |a cze  |a slo  |a eng  |h cze  |h slo 
043 |a e-xr--- 
045 |a y1y1 
072 7 |a 72/76  |x Výtvarné umění  |2 Konspekt  |9 21 
080 |a 378.6:7  |2 MRF 
080 |a 72/76.092  |2 MRF 
080 |a 72/76(437.3)  |2 MRF 
080 |a 7.036/.038  |2 MRF 
080 |a (437.3)  |2 MRF 
080 |a (062.552)  |2 MRF 
080 |a (083.824)  |2 MRF 
111 2 |a Cena Exit (soutěž)  |7 kn20120523005  |4 aut 
245 1 0 |a Cena Exit ... :  |b ... ročník celostátní soutěže pro studenty vysokých uměleckých škol v České republice = ... nationwide competition for students of art academies in the Czech Republic 
246 3 |a Exit award ... 
246 3 0 |a Exit ... 
264 1 |a Ústí nad Labem :  |b Fakulta umění a designu Univerzity Jana Evangelisty Purkyně,  |c [2003]- 
300 |a ^^^svazků :  |b barevné ilustrace ;  |c 11-28 cm 
310 |a 1x za 2 roky 
336 |a text  |b txt  |2 rdacontent 
337 |a bez média  |b n  |2 rdamedia 
338 |a svazek  |b nc  |2 rdacarrier 
362 1 |a 2003- 
490 1 |a Řada Projekty =  |a Project Series 
500 |a Katalog soutěže vyhlašované Fakultou umění a designu Univerzity Jana Evangelisty Purkyně v Ústí nad Labem 
500 |a Ročník 2011 vydán ve 2 svazcích (Projekty, Výstava) uložených ve společném obalu 
500 |a Ročník 2015 bez edice 
500 |a Součástí názvu je označení běžného roku 
500 |a Jednotlivé svazky mají ISBN 
541 |c pv-r 
546 |a Částečně slovenský text, souběžný anglický text 
588 |a Popsáno podle: ročník 2011  |5 CZ-PrNK 
611 2 7 |a Cena Exit (soutěž)  |7 kn20120523005  |2 czenas 
648 7 |a 2001-2020  |7 ch460601  |2 czenas 
648 7 |a 21. století  |7 ch460559  |2 czenas 
650 0 7 |a vysoké umělecké školy  |7 ph127287  |z Česko  |2 czenas 
650 0 7 |a výtvarné soutěže  |7 ph127467  |z Česko  |y 2001-2020  |2 czenas 
650 0 7 |a české umění  |7 ph128155  |y 21. století  |2 czenas 
650 0 7 |a moderní umění  |7 ph115340  |z Česko  |2 czenas 
650 0 9 |a art academies  |z Czechia  |2 eczenas 
650 0 9 |a art competitions  |z Czechia  |y 2001-2020  |2 eczenas 
650 0 9 |a Czech art  |y 21st century  |2 eczenas 
650 0 9 |a modern art  |z Czechia  |2 eczenas 
655 7 |a sborníky  |7 fd724344  |2 czenas 
655 7 |a katalogy výstav  |7 fd132536  |2 czenas 
655 9 |a papers  |2 eczenas 
655 9 |a exhibition catalogs  |2 eczenas 
710 2 |a Univerzita J.E. Purkyně v Ústí nad Labem.  |b Fakulta umění a designu  |7 ko2009297727  |4 orm 
810 2 |a Univerzita J.E. Purkyně v Ústí nad Labem.  |b Fakulta užitého umění a designu.  |t Projekty  |0 s 
902 |a 80-7044-704-4  |q (2005 ;  |q brožováno) 
902 |a 978-80-7044-974-5  |q (2007 ;  |q brožováno)  |z 978-80-85097-38-2 
902 |a 978-80-7414-407-3  |q (2011 ;  |q brožováno) 
902 |a 978-80-7414-950-4  |q (2015 ;  |q brožováno) 
902 |a 978-80-7561-205-2  |q (2019 ;  |q brožováno) 
910 2 |a BOA001  |b 4-1205.236  |s 2007, 5(2011), 7(2015), 9(2019)- 
928 9 |a Univerzita J.E. Purkyně v Ústí nad Labem, Fakulta užitého umění a designu 
990 |a SE 
995 |a 01 
991 |b 200807 
996 6 |b 2610350778  |c S-1209.313  |d 2005  |y 2005  |l MZK  |r Sklad / do 24 hodin  |n 3  |p p.v.  |w 001072311  |u 000040  |a 1  |e BOA001  |j MZK50  |s P 
996 6 |b 2610351644  |c 4-1205.236  |d 2007  |v 2007  |y 2007  |l MZK  |r Sklad / do 1 hodiny  |n 0  |p p.v.  |w 001072311  |u 000010  |a 1  |e BOA001  |j MZK50  |s P 
996 6 |b 2610517496  |c 4-1205.236  |d 2011 5  |v 5  |y 2011  |l MZK  |r Sklad / do 1 hodiny  |n 0  |p p.v.  |w 001072311  |u 000020  |a 1  |e BOA001  |j MZK50  |s P 
996 6 |b 2610657432  |c 4-1205.236  |d 2015 7  |v 7  |y 2015  |l MZK  |r Sklad / do 1 hodiny  |n 0  |p p.v.  |w 001072311  |u 000030  |a 1  |e BOA001  |j MZK50  |s P 
996 6 |b 2610815251  |c 4-1205.236  |d 2019 9  |v 9  |y 2019  |l MZK  |r Sklad / do 1 hodiny  |n 0  |p p.v.  |w 001072311  |u 000050  |a 1  |e BOA001  |j MZK50  |s P